• 首页
  • 本馆介绍
  • 公告通知
  • 最新文献
  • 馆藏检索
  • 电子资源
  • 读者导购
  • 参考咨询
  • 我的图书馆
  • 登录
  • 详细信息显示
  • 放入我的书架
  • 预约/预借图书
  • 作者相关作品
  • 分类相关作品
  • 丛书相关作品
  • 出版社相关作品

书目信息

  • 表格格式
  • 工作单格式
  • 卡片格式
题名:
中国文化知识读本
    
 
作者: 李青华 编著 ;金诚 摄影
分册:   毛南族
出版信息: 长春   吉林出版集团有限责任公司  2010
页数: 120页
开本: 23cm
丛书名:
单 册:
中图分类: K287.6 , K28
科图分类:
主题词: 毛南族--民族文化--中国
电子资源:
ISBN: 978-7-5463-3062-4
000 00975nam 2200289 450
001 2361177609
005 20231209170014.05
010    @a978-7-5463-3062-4@dCNY34.80
100    @a20170531d2010 em y0chiy50 ea
101 0  @achi
102    @aCN@b220000
105    @aa z 000yy
200 1  @a中国文化知识读本@AZhong Guo Wen Hua Zhi Shi Du Ben@i毛南族@f编著李青华
210    @a长春@c吉林出版集团有限责任公司@c吉林文史出版社@d2010
215    @a120页@c图@d23cm
225 2  @Azhong guo wen hua zhi shi du ben
314    @a版权页题: 摄影金诚
330    @a本书介绍了毛南族的的基本概况、文化艺术、经济发展、特色的民族风情、民族服饰、宗教信仰和婚丧习俗等内容。
410  0 @12001 @Azhong guo wen hua zhi shi du ben
517 1  @a毛南族@AMao Nan Zu
606 0  @a毛南族@x民族文化@y中国
690    @aK287.6@v5
690    @aK28@v4
701  0 @a李青华@Ali qing hua@4编著
702  0 @a金诚@Ajin cheng@4摄影
801  0 @aCN@b湖北三新@c20170531
905    @aZUCC@dK28@e45:19
    
    中国文化知识读本.毛南族/编著李青华.-长春:吉林出版集团有限责任公司:吉林文史出版社,2010
    120页:图;23cm
    
    
    ISBN 978-7-5463-3062-4:CNY34.80
    本书介绍了毛南族的的基本概况、文化艺术、经济发展、特色的民族风情、民族服饰、宗教信仰和婚丧习俗等内容。
●
相关链接 在五车中查询图书 在当当中查询图书 在豆瓣中查询图书


正题名:中国文化知识读本     索取号:K28/45:19         预约/预借

序号 登录号 条形码 馆藏地/架位号 状态 备注
1 2001385030   2001385030   516书库/ [索取号:K28/45:19] 在馆    
2 2001385031   2001385031   516书库/ [索取号:K28/45:19] 在馆    
3 2001385032   2001385032   516书库/ [索取号:K28/45:19] 在馆    
4 2001385033   2001385033   516书库/ [索取号:K28/45:19] 在馆    
5 2001385034   2001385034   516书库/ [索取号:K28/45:19] 在馆    
6 2001385035   2001385035   516书库/ [索取号:K28/45:19] 在馆    
7 2001385036   2001385036   516书库/ [索取号:K28/45:19] 在馆    
8 2001385037   2001385037   516书库/ [索取号:K28/45:19] 在馆    
9 2001385038   2001385038   516书库/ [索取号:K28/45:19] 在馆    
10 2001385039   2001385039   516书库/ [索取号:K28/45:19] 在馆    
11 2001385040   2001385040   516书库/ [索取号:K28/45:19] 在馆    
12 2001385041   2001385041   516书库/ [索取号:K28/45:19] 在馆    
13 2001385042   2001385042   516书库/ [索取号:K28/45:19] 在馆    
14 2001385043   2001385043   516书库/ [索取号:K28/45:19] 在馆    
15 2001385044   2001385044   516书库/ [索取号:K28/45:19] 在馆    
16 2001385045   2001385045   516书库/ [索取号:K28/45:19] 在馆    
17 2001385046   2001385046   516书库/ [索取号:K28/45:19] 在馆    
18 2001385047   2001385047   516书库/ [索取号:K28/45:19] 在馆    
19 2001385048   2001385048   516书库/ [索取号:K28/45:19] 在馆    
20 2001385049   2001385049   516书库/ [索取号:K28/45:19] 在馆    
21 2001385050   2001385050   516书库/ [索取号:K28/45:19] 在馆    
22 2001385051   2001385051   516书库/ [索取号:K28/45:19] 在馆    
23 2001385052   2001385052   516书库/ [索取号:K28/45:19] 在馆    
24 2001385053   2001385053   516书库/ [索取号:K28/45:19] 在馆    
25 2001385054   2001385054   516书库/ [索取号:K28/45:19] 在馆    
26 2001385055   2001385055   516书库/ [索取号:K28/45:19] 在馆    
27 2001385056   2001385056   516书库/ [索取号:K28/45:19] 在馆    
28 2001385057   2001385057   516书库/ [索取号:K28/45:19] 在馆    
29 2001385058   2001385058   516书库/ [索取号:K28/45:19] 在馆    
30 2001385059   2001385059   516书库/ [索取号:K28/45:19] 在馆    
山东省滨州职业学院图书馆 欢迎您!
大连网信软件有限公司© 版权所有